| 000 | 01064nas a2200253 4500 | ||
|---|---|---|---|
| 001 | BR8400810 | ||
| 003 | BR-BrBNA | ||
| 005 | 20231205085809.0 | ||
| 007 | ta | ||
| 008 | 230509b bl.|||p| |||| 00| 00por d | ||
| 040 |
_aBR-BrBNA _bpor _cBiblioteca Nacional de Agricultura |
||
| 041 | _a(Pt) | ||
| 072 | _aH10 | ||
| 100 | 1 | _aBoica Junior, A.L. | |
| 100 | 1 | _aLara, F.M. | |
| 245 | 1 | _aAvaliacao da resistencia de genotipos de Sorghum bicolor (L.)Moench a Diatraea saccharalis (Fabricius, 1794)(Lepidoptera, Pyralidae)e determinacao dos tipos envolvidos [sorgo granifero, broca] | |
| 246 | 1 | _aEvaluation of Sorghum bicolor (L.)Moench genotypes resistance to Diatraea saccharalis (Fabricius, 1794)(Lepidoptera-Pyralidae)and study of the mechanisms involved [grain sorghum, borer] | |
| 650 | _aSORGO GRANIFERO | ||
| 650 | _aBROCA | ||
| 650 | _aVARIEDADE RESISTENTE | ||
| 773 | 0 |
_tAnais da Sociedade Entomologica do Brasil (Brazil) _xISSN 0301-8059 _g(1983), v. 12(2) p. 261-272 _wBR8400810 |
|
| 909 |
_a202311 _bLúcia _c55 _dLúcia Elande |
||
| 942 |
_2AGRIS _n0 _cANA |
||
| 999 |
_c113873 _d113873 |
||